[Event "AUTO-OPEN-974"]
[Site "http://www.queenalice.com/game.php?id=338241"]
[Date "2008.1.18"]
[Round "1"]
[White "kleber2002"]
[Black "SRIVERO"]
[Result "1/2-1/2"]
[WhiteElo "1707"]
[BlackElo "1617"]

1. d4 d5 2. c4 Nf6 3. Nc3 Nc6 4. Bf4 e6 5. e3 Bb4 6. Bd3 a6 7. Nf3 O-O 8. O-O
Re8 9. Qc2 Bxc3 10. Qxc3 Nh5 11. Bg5 f6 12. Bh4 g5 13. Bg3 f5 14. Be5 g4 15. Nd2
Nxe5 16. dxe5 c6 17. f4 Kf7 18. cxd5 exd5 19. b4 Be6 20. Nb3 g3 21. h3 b5 22.
Qxc6 Qd7 23. Qxd7+ Bxd7 24. Nd4 Ng7 25. Rf3 Nh5 26. Bxf5 Bxf5 27. Nxf5 Ke6 28.
Nxg3 Nxg3 29. Rxg3 Kf5 30. Kf2 a5 31. bxa5 Rxa5 32. Kf3 Ra3 33. Rg5+ Ke6 34. Kf2
Rc8 35. g4 Rc2+ 36. Kf3 Rcc3 37. f5+ Kxe5 38. f6+ Kxf6 39. Rxd5 Rxe3+ 40. Kf2 b4
41. Rb5 Rf3+ 42. Ke2 Rxh3 43. Rf5+ Kg6 44. Kf2 Rh2+ 45. Kg1 Raxa2 46. Rxa2 Rxa2
47. Rb5 Rb2 48. Kf1 h6 49. Kg1 b3 50. Kf1 Rb1+ 51. Kg2 Rb2+ 52. Kg3 Kg7 53. Rb6
Rb1 54. Kg2 b2 55. Kf2 Kh7 56. Kg2 Rd1 57. Rxb2 Kg6 58. Rb5 Rd4 59. Kg3 Kf6 60.
Kh4 Kg6 61. Rb6+ Kg7 62. Ra6 Rd5 1/2-1/2

[Event "AUTO-OPEN-974"]
[Site "http://www.queenalice.com/game.php?id=338242"]
[Date "2008.1.18"]
[Round "1"]
[White "SRIVERO"]
[Black "kleber2002"]
[Result "0-1"]
[WhiteElo "1630"]
[BlackElo "1694"]

1. d4 Nf6 2. c4 g6 3. Nc3 d5 4. Nf3 Bg7 5. e3 O-O 6. Bd2 c6 7. Qb3 e6 8. Ne5
Nbd7 9. c5 Qc7 10. Nf3 e5 11. dxe5 Nxe5 12. Nxe5 Qxe5 13. O-O-O Ne4 14. Nxe4
dxe4 15. Bc3 Qxc5 16. Kb1 Be6 17. Qc2 Bxc3 18. Qxc3 Qxc3 19. bxc3 Rfd8 20. Be2
Kg7 21. c4 c5 22. g4 Bd7 23. Rd5 Be6 24. Rxc5 Rac8 25. Rxc8 Rxc8 26. Rc1 b6 27.
a4 Rc5 28. h4 h6 29. g5 hxg5 30. hxg5 Rxg5 31. Kb2 Rg2 32. Rf1 Bg4 33. Bxg4 Rxg4
34. f4 exf3 35. Rxf3 Rxc4 36. Kb3 Rc1 37. e4 a6 38. e5 Re1 39. Rf6 b5 40. Rxa6
bxa4+ 41. Rxa4 Rxe5 42. Kc3 f5 43. Kd3 g5 44. Kd2 Kf6 45. Ra3 g4 46. Rg3 Kg5 47.
Kd3 f4 48. Rg1 g3 49. Kd4 Re8 50. Kd3 Kg4 51. Kd4 f3 52. Kd3 f2 53. Rf1 Kf3 54.
Kd2 g2 55. Rxf2+ Kxf2 56. Kc2 g1=Q 57. Kd3 Qd1+ 58. Kc3 Rc8+ 59. Kb2 Qc1+ 60.
Ka2 Qc7 61. Ka1 Rb8 0-1

[Event "AUTO-OPEN-992"]
[Site "http://www.queenalice.com/game.php?id=345441"]
[Date "2008.1.30"]
[Round "1"]
[White "kleber2002"]
[Black "holandes"]
[Result "1-0"]
[WhiteElo "1766"]
[BlackElo "1634"]

1. d4 e6 2. c4 h6 3. Nc3 Nf6 4. e4 Bb4 5. Bd3 Nc6 6. Nf3 g5 7. h3 a6 8. Bd2 Bxc3
9. Bxc3 Na7 10. e5 Nh5 11. d5 Nf4 12. g3 Nxd3+ 13. Qxd3 c6 14. O-O b6 15. Rad1
Bb7 16. d6 c5 17. Nd2 h5 18. Ne4 h4 19. Kh2 hxg3+ 20. fxg3 Qc8 21. Nxg5 Rf8 22.
Nh7 Rh8 23. Nf6+ Kf8 24. Qe3 Qc6 25. Rf2 Qa4 26. Rdf1 Qxc4 27. Nxd7+ Ke8 28.
Nxb6 Qxa2 29. Nxa8 Bxa8 30. Qxc5 Nc6 31. Rxf7 a5 32. d7+ Kd8 33. Qb6# 1-0

[Event "AUTO-OPEN-992"]
[Site "http://www.queenalice.com/game.php?id=345442"]
[Date "2008.1.30"]
[Round "1"]
[White "holandes"]
[Black "kleber2002"]
[Result "0-1"]
[WhiteElo "1631"]
[BlackElo "1777"]

1. e4 d5 2. e5 e6 3. d4 c5 4. c3 cxd4 5. cxd4 Bb4+ 6. Bd2 Bxd2+ 7. Nxd2 Ne7 8.
g4 Nbc6 9. Ngf3 Qb6 10. Nb3 Qb4+ 11. Qd2 Qxd2+ 12. Nbxd2 O-O 13. O-O-O Bd7 14.
a3 Rfc8 15. Kb1 a6 16. Nb3 b6 17. Bd3 Ng6 18. h4 Nf4 19. Bc2 Ne7 20. h5 Ba4 21.
Na1 Bxc2+ 22. Nxc2 Rc4 23. h6 Rac8 24. Rd2 gxh6 25. Rxh6 Kg7 26. Rh2 a5 27. Ng5
h6 28. Nf3 b5 29. g5 Rh8 30. Ne3 Rcc8 31. Ng4 hxg5 32. Rxh8 Rxh8 33. Nxg5 b4 34.
Nf3 b3 35. Nf6 Rh1+ 0-1

[Event "AUTO-OPEN-992"]
[Site "http://www.queenalice.com/game.php?id=345443"]
[Date "2008.1.30"]
[Round "1"]
[White "kleber2002"]
[Black "LEO_LEO"]
[Result "1-0"]
[WhiteElo "1813"]
[BlackElo "1305"]

1. d4 e5 2. dxe5 a5 3. e4 d5 4. exd5 Ra6 5. Bxa6 bxa6 6. Nc3 Bd7 7. Nf3 Be7 8.
O-O h5 9. Re1 c6 10. e6 fxe6 11. dxe6 1-0

[Event "AUTO-OPEN-992"]
[Site "http://www.queenalice.com/game.php?id=345444"]
[Date "2008.1.30"]
[Round "1"]
[White "LEO_LEO"]
[Black "kleber2002"]
[Result "0-1"]
[WhiteElo "1303"]
[BlackElo "1815"]

1. e4 d5 2. exd5 Qxd5 3. c4 Qa5 4. a4 Nf6 5. Nc3 c6 6. Ra3 e5 7. b4 Bxb4 8. g4
Bxg4 9. Nge2 Bxe2 10. Qxe2 Bxa3 0-1

[Event "AUTO-OPEN-992"]
[Site "http://www.queenalice.com/game.php?id=345445"]
[Date "2008.1.30"]
[Round "1"]
[White "kleber2002"]
[Black "coffeesean"]
[Result "1-0"]
[WhiteElo "1814"]
[BlackElo "1435"]

1. d4 b6 2. e4 Ba6 3. Bxa6 Nxa6 4. Nf3 Nf6 5. e5 Ne4 6. Nbd2 d5 7. exd6 Nxd6 8.
O-O e6 9. c4 c5 10. d5 Nb4 11. a3 Nd3 12. Qe2 Nxc1 13. Raxc1 Qe7 14. Rfe1 exd5
15. Qd3 Ne4 16. Nxe4 Kd7 17. Qxd5+ Kc7 18. Qxa8 Rg8 19. Qxa7+ Kc6 20. Qxe7 Bxe7
21. Nc3 Bf6 22. Ne5+ Bxe5 23. Rxe5 f6 24. Re6+ Kd7 25. Rxb6 Kc7 26. Rb5 Re8 27.
Rxc5+ Kb6 28. Rb5+ Kc6 29. a4 g5 30. a5 g4 31. Rb6+ Kc5 32. Rxf6 Kxc4 33. a6 Kb3
34. Rb6+ Kc4 35. a7 Kd3 36. Rb8 1-0

[Event "AUTO-OPEN-992"]
[Site "http://www.queenalice.com/game.php?id=345446"]
[Date "2008.1.30"]
[Round "1"]
[White "coffeesean"]
[Black "kleber2002"]
[Result "0-1"]
[WhiteElo "1484"]
[BlackElo "1808"]

1. g4 d5 2. d4 Bxg4 3. Bh3 Bxh3 4. Nxh3 e6 5. Bf4 Nf6 6. f3 c5 7. dxc5 Bxc5 8.
e3 Nc6 9. Nc3 Qb6 10. Qd3 O-O-O 11. Na4 Qb4+ 12. Nc3 d4 13. a3 Qxb2 14. O-O dxc3
15. Qc4 Bb6 16. Ng5 Rd7 17. Rab1 Qxc2 18. Nxf7 Rxf7 19. Qxe6+ Rd7 20. Rbc1 Qa4
21. Rxc3 Qxf4 22. Kg2 Qg5+ 23. Kh3 Bc7 24. Rd1 Qh5+ 25. Kg2 Qxh2+ 26. Kf1 Qh1+
27. Kf2 Qxd1 28. e4 Qd2+ 29. Kf1 Qxc3 0-1

[Event "Challenge"]
[Site "http://www.queenalice.com/game.php?id=345484"]
[Date "2008.1.30"]
[Round "-"]
[White "faustino"]
[Black "kleber2002"]
[Result "0-1"]
[WhiteElo "1549"]
[BlackElo "1800"]

1. e3 e5 2. b3 f5 3. Bb2 d6 4. Bb5+ Bd7 5. Bc4 Nf6 6. Qf3 Nc6 7. Na3 a6 8. Nh3
e4 9. Qe2 d5 10. Ng5 h6 11. Nh3 dxc4 12. Nxc4 Qe7 13. Nf4 Qf7 14. Na5 Nxa5 15.
Bxf6 Qxf6 16. O-O O-O-O 17. Nd5 Qh4 18. f3 Bc6 19. Nc3 exf3 20. gxf3 g5 21. Rf2
g4 22. fxg4 Rg8 23. h3 Qxh3 24. e4 Rxg4+ 25. Rg2 Bc5+ 26. Kf1 Rf4+ 27. Ke1 Qh1+
28. Rg1 Qxg1+ 29. Qf1 Qxf1# 0-1

[Event "AUTO-ADV-810"]
[Site "http://www.queenalice.com/game.php?id=358029"]
[Date "2008.2.20"]
[Round "1"]
[White "Guilherme_Ottoni"]
[Black "kleber2002"]
[Result "1/2-1/2"]
[WhiteElo "1887"]
[BlackElo "1811"]

1. e4 d5 2. exd5 Qxd5 3. Nc3 Qa5 4. d4 c6 5. Nf3 Bg4 6. Bf4 Nf6 7. Be2 e6 8. O-O
Be7 9. h3 Bxf3 10. Bxf3 O-O 11. a3 Nbd7 12. Qd3 Nd5 13. Bd2 Qc7 14. Nxd5 exd5
15. Rfe1 Bd6 16. Re2 Rae8 17. Rae1 Rxe2 18. Rxe2 Nb6 19. Ba5 Qd7 20. Bxb6 axb6
21. Qb3 b5 22. c3 Re8 23. Qc2 g6 24. Rxe8+ Qxe8 25. Qe2 Qxe2 26. Bxe2 Bf4 27. b3
Bc1 28. a4 bxa4 29. bxa4 Bb2 30. c4 dxc4 31. Bxc4 Bxd4 32. Kf1 c5 33. Ke2 b6 34.
f3 Bc3 35. Kd3 Ba5 36. Ke4 Kg7 37. g4 f6 38. Bd5 h6 39. Bc4 Kf8 40. Kd5 Ke7 41.
Kc6 f5 42. gxf5 gxf5 43. f4 Kf6 44. Bd3 1/2-1/2

[Event "AUTO-ADV-810"]
[Site "http://www.queenalice.com/game.php?id=358030"]
[Date "2008.2.20"]
[Round "1"]
[White "kleber2002"]
[Black "Guilherme_Ottoni"]
[Result "0-1"]
[WhiteElo "1816"]
[BlackElo "1945"]

1. d4 Nf6 2. c4 g6 3. Nc3 d5 4. Qb3 dxc4 5. Qxc4 Bg7 6. Bf4 c6 7. e4 O-O 8. Be2
Qb6 9. Rb1 Be6 10. Qd3 Rd8 11. Nf3 Na6 12. a3 Nh5 13. Be3 Qc7 14. Qc2 Nf4 15.
O-O Nxe2+ 16. Nxe2 Rac8 17. Rfc1 f5 18. e5 Bd5 19. Nd2 h6 20. Nf4 Kf7 21. Nxd5
Rxd5 22. Qb3 Qd7 23. Nf3 e6 24. h3 Rb5 25. Qa2 Nc7 26. b4 g5 27. g3 Kg6 28. Kg2
Bf8 29. Nd2 Nd5 30. Nb3 Nxe3+ 31. fxe3 b6 32. Qe2 c5 33. dxc5 bxc5 34. bxc5 Bxc5
35. Nxc5 Rcxc5 36. Rxc5 Rxc5 37. Qb2 Qd5+ 38. Kf2 Qxe5 39. Qxe5 Rxe5 40. Rb7 Ra5
41. Rb3 h5 42. Rc3 Kf6 43. Ke2 Ke5 44. Kf2 Kd5 45. Kf3 e5 46. Ke2 e4 47. Kf2 Rc5
48. Rb3 Rc2+ 49. Kg1 Kc4 50. Rb7 Kd3 51. Rxa7 Kxe3 52. Rf7 Rc5 53. a4 Kf3 54. h4
Kxg3 0-1

[Event "AUTO-ADV-810"]
[Site "http://www.queenalice.com/game.php?id=358041"]
[Date "2008.2.20"]
[Round "1"]
[White "Pagano"]
[Black "kleber2002"]
[Result "1-0"]
[WhiteElo "2050"]
[BlackElo "1810"]

1. f4 d5 2. Nf3 Bf5 3. b3 Nf6 4. Bb2 e6 5. e3 Be7 6. Be2 O-O 7. O-O c5 8. d3
Nbd7 9. Nbd2 Ng4 10. Rf2 Nxf2 11. Kxf2 Bf6 12. Bxf6 Nxf6 13. h3 h6 14. g4 Bh7
15. Qg1 Rc8 16. g5 hxg5 17. Nxg5 b5 18. h4 c4 19. h5 c3 20. Ndf3 b4 21. h6 g6
22. Ne5 Nd7 23. e4 Nxe5 24. fxe5 dxe4 25. Qg3 Qd4+ 26. Kg2 exd3 27. Bxd3 Rc5 28.
Re1 a5 29. Re4 Qd5 30. Bc4 Qd2+ 31. Re2 Qd8 32. Qf4 1-0

[Event "AUTO-ADV-810"]
[Site "http://www.queenalice.com/game.php?id=358042"]
[Date "2008.2.20"]
[Round "1"]
[White "kleber2002"]
[Black "Pagano"]
[Result "0-1"]
[WhiteElo "1817"]
[BlackElo "2043"]

1. d4 d5 2. c4 c6 3. Nc3 dxc4 4. a4 a6 5. e3 c5 6. Bxc4 cxd4 7. Qxd4 Qxd4 8.
exd4 Bf5 9. Nf3 e6 10. O-O Nf6 11. d5 exd5 12. Nxd5 Nxd5 13. Bxd5 Nc6 14. Re1+
Be7 15. b3 Rd8 16. Bxc6+ bxc6 17. Ba3 Be6 18. Bxe7 Kxe7 19. Ng5 Rd3 20. Nxe6
fxe6 21. Rab1 Rb8 22. b4 Ra3 23. b5 axb5 24. axb5 Rxb5 25. g3 Rab3 26. Rxb3 Rxb3
27. Kg2 c5 28. Ra1 c4 29. Ra7+ Kd6 30. Rxg7 c3 31. Rg8 Ke5 32. Rc8 Ke4 33. h4 h5
0-1

[Event "AUTO-ADV-810"]
[Site "http://www.queenalice.com/game.php?id=358049"]
[Date "2008.2.20"]
[Round "1"]
[White "kleber2002"]
[Black "ricardosf"]
[Result "1-0"]
[WhiteElo "1809"]
[BlackElo "1504"]

1. d4 e6 2. c4 d5 3. Nc3 dxc4 4. e4 f5 5. e5 g6 6. Bxc4 Bh6 7. Nf3 Bxc1 8. Rxc1
b6 9. O-O Ba6 10. Qe2 Bxc4 11. Qxc4 Ne7 12. Qxe6 Qd7 13. Qxd7+ Nxd7 14. Nb5 h5
15. Nxc7+ Kf7 16. Nxa8 Rxa8 17. Rc7 a5 18. Rxd7 Ke6 19. Rd6+ Kf7 20. Rxb6 Nc8
21. Ng5+ Kg7 22. Rf6 1-0

[Event "AUTO-ADV-810"]
[Site "http://www.queenalice.com/game.php?id=358050"]
[Date "2008.2.20"]
[Round "1"]
[White "ricardosf"]
[Black "kleber2002"]
[Result "0-1"]
[WhiteElo "1514"]
[BlackElo "1805"]

1. e3 e5 2. Bc4 d5 3. Bb5+ c6 4. Ba4 Nf6 5. d4 Qa5+ 6. c3 Bd6 7. dxe5 Bxe5 8. f4
Bd6 9. b4 Qc7 10. b5 O-O 11. bxc6 bxc6 12. Ba3 Re8 13. Bxd6 Qxd6 14. c4 Qxf4 15.
Qf3 Rxe3+ 16. Qxe3 Qxe3+ 17. Ne2 Bg4 18. Bd1 Nbd7 19. cxd5 Re8 20. h3 Bxe2 21.
Bxe2 Qxe2# 0-1